[Event "Heusenstamm Sparkassen op-B 6th"]
[Site "Heusenstamm"]
[Date "2019.11.23"]
[Round "4"]
[White "Lorenz, Alexander"]
[Black "Leichum, Engelbert"]
[Result "0-1"]
[WhiteElo "1759"]
[BlackElo "1587"]
[PlyCount "80"]
[EventDate "2019.11.21"]
[EventType "swiss"]
[EventRounds "7"]
[EventCountry "GER"]
[SourceTitle "CBM 194 Extra"]
[Source "ChessBase"]
[SourceDate "2020.03.31"]
[SourceVersion "1"]
[SourceVersionDate "2020.03.31"]
[SourceQuality "1"]

1. e4 d5 2. exd5 Nf6 3. Bb5+ Bd7 4. Qe2 Nxd5 5. a3 a6 6. Bc4 Bc6 7. Bxd5 Bxd5 8. Nf3 b5 9. Nc3 Bb7 10. d4 Nd7 11. Bf4 Nf6 12. Nxb5 Rc8 13. Nc3 e6 14. Rd1 Be7 15. 0-0 0-0 16. Rfe1 c6 17. Ne4 Qb6 18. b4 a5 19. Ne5 Rfd8 20. Nxf6+ Bxf6 21. Nxf7 Kxf7 22. Qxe6+ Kg6 23. bxa5 Qxa5 24. Re5 Rd5 25. g4 h6 26. Qf5+ Kf7 27. Qe6+ Kg6 28. Qf5+ Kf7 29. c4 Rxe5 30. dxe5 Rd8 31. Rxd8 Qxd8 32. exf6 Qd1+ 33. Kg2 c5+ 34. Kg3 Qg1+ 35. Kh3 Qg2+ 36. Kh4 Qxf2+ 37. Kh5 Bc8 38. Qd5+ Be6 39. Qd8 g6+ 40. Kxh6 Qh4# 0-1

[Event "Heusenstamm Sparkassen op-B 6th"]
[Site "Heusenstamm"]
[Date "2019.11.22"]
[Round "3"]
[White "Meng, Yuxuan"]
[Black "Lorenz, Alexander"]
[Result "0-1"]
[WhiteElo "1378"]
[BlackElo "1759"]
[PlyCount "106"]
[EventDate "2019.11.21"]
[EventType "swiss"]
[EventRounds "7"]
[EventCountry "GER"]
[SourceTitle "CBM 194 Extra"]
[Source "ChessBase"]
[SourceDate "2020.03.31"]
[SourceVersion "1"]
[SourceVersionDate "2020.03.31"]
[SourceQuality "1"]

1. e4 c5 2. Nf3 d6 3. d4 cxd4 4. Nxd4 Nf6 5. Nc3 g6 6. Be3 Bg7 7. f3 0-0 8. Qd2 Nc6 9. 0-0-0 Bd7 10. Bh6 Nxd4 11. Bxg7 Nb3+ 12. cxb3 Kxg7 13. h4 h5 14. Be2 Rc8 15. Kb1 a6 16. Rdg1 Be6 17. g4 Rh8 18. gxh5 Nxh5 19. f4 f5 20. Bd3 Qd7 21. exf5 Bxf5 22. Nd5 Rc5 23. Nc3 Nxf4 24. Qxf4 Bxd3+ 25. Ka1 Qf5 26. Qd4+ Kh7 27. h5 g5 28. h6 Rg8 29. Re1 Re5 30. Rxe5 dxe5 31. Qb6 Rf8 32. a3 Qf3 33. Rg1 g4 34. Qe6 g3 35. Qxe7+ Rf7 36. Qg5 Qf4 37. Qxg3 Qxg3 38. Rxg3 e4 39. Re3 Re7 40. Na4 Re5 41. b4 Bb5 42. Nc5 Bc6 43. Kb1 Kxh6 44. Kc2 Kg5 45. Kc3 Kf4 46. Re1 Kf3 47. b3 e3 48. Nd3 Re8 49. a4 Be4 50. Nc1 Kf2 51. Re2+ Kf3 52. Re1 Bg6 53. Re2 Rc8+ 0-1

[Event "Steyr Landesliga 1718"]
[Site "Austria"]
[Date "2018.03.24"]
[Round "10.5"]
[White "Lorenz, Alexander"]
[Black "Wegerer, Fred"]
[Result "1/2-1/2"]
[WhiteElo "1999"]
[BlackElo "2099"]
[PlyCount "97"]
[EventDate "2017.09.30"]
[EventType "team-tourn"]
[EventRounds "11"]
[EventCountry "AUT"]
[SourceTitle "EXT 2021"]
[Source "ChessBase"]
[SourceDate "2020.10.23"]
[SourceVersion "1"]
[SourceVersionDate "2020.10.23"]
[SourceQuality "1"]
[WhiteTeam "Graz Schachfreunde II"]
[BlackTeam "Graz Austria"]
[WhiteTeamCountry "AUT"]
[BlackTeamCountry "AUT"]

1. b4 e6 2. Bb2 Nf6 3. b5 d5 4. e3 Bd6 5. Nf3 Nbd7 6. c4 0-0 7. Be2 dxc4 8. Bxc4 e5 9. 0-0 e4 10. Nd4 Ne5 11. Be2 Nfg4 12. g3 Qg5 13. f4 exf3 14. Bxf3 Nc4 15. Bxg4 Bxg4 16. Qb3 Nxb2 17. Qxb2 h5 18. Nc3 Rae8 19. Nf3 Bxf3 20. Rxf3 h4 21. Ne2 hxg3 22. hxg3 Re6 23. Kg2 Be5 24. d4 Bd6 25. Qb3 Rh6 26. Rh1 Rxh1 27. Kxh1 Qh5+ 28. Kg2 Re8 29. Nf4 Bxf4 30. Rxf4 Qe2+ 31. Rf2 Qh5 32. Rf4 Re6 33. Kf2 Qh2+ 34. Kf3 Qh1+ 35. Kf2 Qh2+ 36. Kf3 Qh5+ 37. Kf2 Rb6 38. a4 a6 39. Qc4 axb5 40. Qxc7 Qh2+ 41. Kf3 Qh5+ 42. Kf2 Rh6 43. Qc8+ Kh7 44. Qxb7 bxa4 45. Qe4+ Kg8 46. Qe8+ Kh7 47. Qe4+ Kg8 48. Qe8+ Kh7 49. Qe4+ 1/2-1/2

[Event "Steyr Landesliga 1718"]
[Site "Austria"]
[Date "2017.12.02"]
[Round "6.7"]
[White "Lorenz, Alexander"]
[Black "Wildner, Reinhard"]
[Result "0-1"]
[WhiteElo "1999"]
[BlackElo "1983"]
[PlyCount "94"]
[EventDate "2017.09.30"]
[EventType "team-tourn"]
[EventRounds "11"]
[EventCountry "AUT"]
[SourceTitle "EXT 2019"]
[Source "ChessBase"]
[SourceDate "2018.10.10"]
[SourceVersion "1"]
[SourceVersionDate "2018.10.10"]
[SourceQuality "1"]
[WhiteTeam "Graz Schachfreunde II"]
[BlackTeam "Graz Schachgesellschaft"]
[WhiteTeamCountry "AUT"]
[BlackTeamCountry "AUT"]

1. b4 e5 2. Bb2 Bxb4 3. Bxe5 Nf6 4. c4 0-0 5. e3 Nc6 6. Bb2 d5 7. cxd5 Nxd5 8. Nf3 Re8 9. Be2 Be6 10. 0-0 Bf8 11. d4 Bf5 12. a3 Na5 13. Nbd2 Rc8 14. Ne5 f6 15. Nec4 c6 16. Rc1 b5 17. Nxa5 Qxa5 18. Nb3 Qd8 19. Nc5 Nb6 20. Qb3+ Kh8 21. Bh5 g6 22. Be2 Qe7 23. a4 bxa4 24. Nxa4 Be6 25. Qd1 Qb4 26. Nxb6 Qxb6 27. Ba1 Bf5 28. d5 cxd5 29. Bxf6+ Qxf6 30. Ra1 Qf7 31. Qa4 Bg7 32. Ra2 Re7 33. Ba6 Rc3 34. Rd1 Rec7 35. Qb4 h5 36. h3 Rc1 37. Rad2 Rxd1+ 38. Rxd1 Kh7 39. g4 hxg4 40. hxg4 Be4 41. f4 Bc3 42. Qb8 Qd7 43. Be2 Rb7 44. Qf8 Bg7 45. Qc5 Rb2 46. Kf1 Qd8 47. g5 Qd7 0-1

[Event "Heusenstamm Sparkassen op U14 4th"]
[Site "Heusenstamm"]
[Date "2017.11.26"]
[Round "5"]
[White "Lorenz, Alexander"]
[Black "Schweizer, Michael"]
[Result "1-0"]
[WhiteElo "1551"]
[BlackElo "1462"]
[PlyCount "51"]
[EventDate "2017.11.24"]
[EventType "swiss"]
[EventRounds "5"]
[EventCountry "GER"]
[SourceTitle "EXT 2019"]
[Source "ChessBase"]
[SourceDate "2018.10.10"]
[SourceVersion "1"]
[SourceVersionDate "2018.10.10"]
[SourceQuality "1"]

1. e4 e5 2. Nf3 Nc6 3. d4 exd4 4. Bc4 Bc5 5. c3 Nf6 6. e5 Qe7 7. 0-0 Ng4 8. cxd4 Bb6 9. h3 Nh6 10. Nc3 Nf5 11. Nd5 Qd8 12. Nxb6 axb6 13. d5 Na5 14. Qd3 Nxc4 15. Qxc4 h6 16. d6 c6 17. Qg4 g6 18. Bd2 b5 19. Nd4 Ra4 20. b4 Nxd4 21. Qxd4 b6 22. e6 Rh7 23. e7 c5 24. exd8Q+ Kxd8 25. Qf6+ Ke8 26. Qe7# 1-0

[Event "Heusenstamm Sparkassen op U14 4th"]
[Site "Heusenstamm"]
[Date "2017.11.25"]
[Round "3"]
[White "Lorenz, Alexander"]
[Black "Klaska, Philipp Leon"]
[Result "0-1"]
[WhiteElo "1551"]
[BlackElo "1153"]
[PlyCount "120"]
[EventDate "2017.11.24"]
[EventType "swiss"]
[EventRounds "5"]
[EventCountry "GER"]
[SourceTitle "EXT 2019"]
[Source "ChessBase"]
[SourceDate "2018.10.10"]
[SourceVersion "1"]
[SourceVersionDate "2018.10.10"]
[SourceQuality "1"]

1. e4 c5 2. Nc3 Nc6 3. Bb5 a6 4. Bxc6 bxc6 5. d3 e6 6. f4 Qc7 7. Nf3 Bb7 8. 0-0 d5 9. Re1 Be7 10. d4 cxd4 11. Qxd4 Nf6 12. exd5 cxd5 13. Kh1 0-0 14. Be3 Bd6 15. a3 Ne4 16. g3 Rac8 17. Bd2 f6 18. Rac1 Bc5 19. Qa4 Nxd2 20. Nxd2 d4+ 21. Nce4 f5 22. Qc4 Rfe8 23. Kg1 fxe4 24. Nxe4 Bb6 25. Qd3 Bxe4 26. Rxe4 Qc4 27. Qxc4 Rxc4 28. Kf1 Rc6 29. c3 dxc3 30. bxc3 Rec8 31. c4 Rd8 32. Rce1 Kf7 33. g4 Rd4 34. f5 Rxe4 35. Rxe4 exf5 36. gxf5 Rf6 37. Rf4 g6 38. fxg6+ hxg6 39. Rxf6+ Kxf6 40. Ke2 g5 41. Kf3 Kf5 42. h3 Ke5 43. Kg4 Kd4 44. Kxg5 Kxc4 45. Kf4 Kb3 46. Ke4 Kxa3 47. h4 Bc5 48. h5 Bf8 49. Kf5 Kb3 50. Kf6 a5 51. Kf7 Bh6 52. Kg6 Bc1 53. h6 Bxh6 54. Kxh6 a4 55. Kg5 a3 56. Kf4 a2 57. Ke3 a1Q 58. Kd2 Qc3+ 59. Kd1 Qb2 60. Ke1 Kc3 0-1

[Event "Bad Soden U14 op"]
[Site "Bad Soden"]
[Date "2017.10.01"]
[Round "5"]
[White "Boder, Jan"]
[Black "Lorenz, Alexander"]
[Result "1-0"]
[WhiteElo "1772"]
[BlackElo "1539"]
[PlyCount "95"]
[EventDate "2017.09.30"]
[EventType "swiss"]
[EventRounds "9"]
[EventCountry "GER"]
[SourceTitle "EXT 2019"]
[Source "ChessBase"]
[SourceDate "2018.10.10"]
[SourceVersion "1"]
[SourceVersionDate "2018.10.10"]
[SourceQuality "1"]

1. c4 e5 2. g3 Nc6 3. Bg2 g6 4. Nc3 Bg7 5. e3 d6 6. Nge2 Nf6 7. d4 0-0 8. 0-0 Re8 9. a3 Rb8 10. b4 Bd7 11. d5 Ne7 12. e4 Qc8 13. Be3 b6 14. a4 a5 15. bxa5 bxa5 16. Nb5 Bh3 17. f3 Bxg2 18. Kxg2 Rd8 19. c5 Ne8 20. c6 f5 21. Qd2 fxe4 22. fxe4 Ra8 23. Nec3 Nf6 24. Bg5 Rf8 25. Rf2 Qd8 26. Raf1 Ne8 27. Rxf8+ Bxf8 28. Qf2 Ng7 29. Qf7+ Kh8 30. Bf6 Rc8 31. h4 Rb8 32. g4 Qc8 33. Kg3 Ng8 34. h5 Nxf6 35. Qxf6 gxh5 36. gxh5 Kg8 37. Qf7+ Kh8 38. h6 Qd8 39. hxg7+ Bxg7 40. Rf5 Bh6 41. Qf6+ Qxf6 42. Rxf6 Rg8+ 43. Kf2 Kg7 44. Rf3 Bf4 45. Nxc7 Kg6 46. Ne6 Bg5 47. Nxg5 Kxg5 48. Rg3+ 1-0

[Event "Steyr Landesliga 1516"]
[Site "Austria"]
[Date "2015.10.10"]
[Round "2.8"]
[White "Lorenz, Alexander"]
[Black "Weissensteiner, Lukas"]
[Result "1/2-1/2"]
[WhiteElo "2035"]
[BlackElo "1630"]
[PlyCount "80"]
[EventDate "2015.09.26"]
[EventType "team-tourn"]
[EventRounds "11"]
[EventCountry "AUT"]
[SourceTitle "EXT 2017"]
[Source "ChessBase"]
[SourceDate "2016.10.25"]
[SourceVersion "1"]
[SourceVersionDate "2016.10.25"]
[SourceQuality "1"]
[WhiteTeam "Graz Schachfreunde"]
[BlackTeam "Frauental Strassenbahn"]
[WhiteTeamCountry "AUT"]
[BlackTeamCountry "AUT"]

1. b4 e5 2. Bb2 Bxb4 3. Bxe5 Nf6 4. c4 Nc6 5. Bb2 0-0 6. e3 Re8 7. Nf3 d5 8. cxd5 Nxd5 9. Be2 Re6 10. 0-0 Rg6 11. Bd3 Nxe3 12. dxe3 Rd6 13. Bxh7+ Kxh7 14. Qc2+ Rg6 15. Rd1 Bd6 16. Nbd2 Kg8 17. e4 Bh3 18. g3 Qe7 19. e5 Bxe5 20. Re1 Re6 21. Nxe5 Nxe5 22. Qc3 f6 23. Qb3 Kh8 24. Ba3 c5 25. f4 Nc6 26. Rxe6 Bxe6 27. Qe3 b6 28. Re1 Re8 29. Nb3 Bxb3 30. Qxe7 Rxe7 31. Rxe7 Nxe7 32. axb3 Nc6 33. Kf2 Kg8 34. Ke3 Kf7 35. Ke4 Nb4 36. g4 a5 37. h4 b5 38. Bb2 a4 39. bxa4 bxa4 40. h5 Nc2 1/2-1/2

[Event "Hessen-ch U10"]
[Site "Bad Homburg"]
[Date "2015.03.28"]
[Round "2"]
[White "Bethke, Richard"]
[Black "Lorenz, Alexander"]
[Result "1-0"]
[WhiteElo "1655"]
[BlackElo "1125"]
[PlyCount "25"]
[EventDate "2015.03.27"]
[EventType "swiss"]
[EventRounds "7"]
[EventCountry "GER"]
[SourceTitle "EXT 2017"]
[Source "ChessBase"]
[SourceDate "2016.10.25"]
[SourceVersion "1"]
[SourceVersionDate "2016.10.25"]
[SourceQuality "1"]

1. e4 e5 2. Nf3 Nc6 3. Bc4 Bc5 4. b4 Bxb4 5. c3 Ba5 6. d4 exd4 7. 0-0 Nge7 8. Ng5 d5 9. exd5 Nxd5 10. Nxf7 Kxf7 11. Qf3+ Ke8 12. Bxd5 Bd7 13. Qf7# 1-0

[Event "Hessen-ch U10"]
[Site "Bad Homburg"]
[Date "2014.??.??"]
[Round "2"]
[White "Bethke, Richard"]
[Black "Lorenz, Alexander"]
[Result "1-0"]
[WhiteElo "1627"]
[BlackElo "1024"]
[PlyCount "155"]
[EventDate "2014.04.??"]
[EventType "swiss"]
[EventRounds "7"]
[EventCountry "GER"]
[SourceTitle "EXT 2022"]
[Source "ChessBase"]
[SourceDate "2021.10.06"]
[SourceVersion "1"]
[SourceVersionDate "2021.10.06"]
[SourceQuality "1"]

1. e4 e5 2. Nf3 Nc6 3. Bc4 Bc5 4. b4 Bxb4 5. c3 Be7 6. d4 exd4 7. 0-0 dxc3 8. Qd5 Nh6 9. Bxh6 0-0 10. Bf4 Bf6 11. e5 Nb4 12. Qd4 d5 13. Bxd5 Nxd5 14. exf6 Nxf6 15. Qc4 c6 16. Nxc3 Be6 17. Qd4 Qa5 18. Ne4 Nd5 19. Bd2 Qc7 20. Qe5 Qd8 21. Bc3 Nxc3 22. Qxc3 Bd5 23. Ng3 Qd6 24. Nf5 Qf6 25. Qxf6 gxf6 26. Ne7+ Kg7 27. Nxd5 cxd5 28. Rab1 b6 29. Rfd1 Rfd8 30. Rb5 Rac8 31. h3 Rc5 32. Rxc5 bxc5 33. Rc1 Rc8 34. Nd4 Kh8 35. Nb5 a6 36. Nc3 d4 37. Ne4 d3 38. Kf1 c4 39. g4 Kg7 40. Ke1 h5 41. Nd6 Rd8 42. Nxc4 hxg4 43. hxg4 a5 44. Kd2 Rd4 45. f3 a4 46. Ke3 Rd5 47. Rc3 d2 48. Nxd2 Re5+ 49. Ne4 Kg6 50. Rc5 Re6 51. Ra5 Re5 52. Rxe5 fxe5 53. f4 exf4+ 54. Kxf4 a3 55. Ke5 f6+ 56. Nxf6 Kg5 57. Nd5 Kxg4 58. Kd4 Kf5 59. Kc4 Ke5 60. Nb4 Kd6 61. Kb3 Kc5 62. Nc2 Kb5 63. Kxa3 Kc4 64. Kb2 Kb5 65. Kb3 Ka5 66. a4 Kb6 67. Kb4 Ka6 68. a5 Kb7 69. Kb5 Ka7 70. a6 Kb8 71. Kb6 Ka8 72. Ne3 Kb8 73. Nd5 Ka8 74. Nc7+ Kb8 75. a7+ Kc8 76. a8Q+ Kd7 77. Qe8+ Kd6 78. Qe6# 1-0

[Event "Hessen-ch U10"]
[Site "Bad Homburg"]
[Date "2014.??.??"]
[Round "7"]
[White "Lorenz, Alexander"]
[Black "Lehmann, Tim"]
[Result "1/2-1/2"]
[WhiteElo "1024"]
[BlackElo "1221"]
[PlyCount "63"]
[EventDate "2014.04.??"]
[EventType "swiss"]
[EventRounds "7"]
[EventCountry "GER"]
[SourceTitle "EXT 2022"]
[Source "ChessBase"]
[SourceDate "2021.10.06"]
[SourceVersion "1"]
[SourceVersionDate "2021.10.06"]
[SourceQuality "1"]

1. e4 c5 2. Nc3 Nc6 3. Nf3 e6 4. Bc4 d6 5. d3 Nf6 6. Bg5 Be7 7. Bxf6 Bxf6 8. 0-0 0-0 9. Bb5 Bd7 10. Bxc6 Bxc6 11. d4 cxd4 12. Nxd4 Bxd4 13. Qxd4 Qe7 14. e5 Qg5 15. Ne4 Bxe4 16. Qxe4 Qxe5 17. Qxb7 Rab8 18. Qxa7 Rxb2 19. Rac1 h6 20. Rfd1 d5 21. Qa3 Rc8 22. Qa4 Qf5 23. Rd2 Qg5 24. f4 Qf6 25. Rf2 Qc3 26. Qa6 Rcb8 27. h3 Qe3 28. Qf1 Rxa2 29. Kh1 Rc8 30. Re2 Qa3 31. Qd1 Qa4 32. Qd2 1/2-1/2